La cultura católica

সংরক্ষণ করুন:
গ্রন্থ-পঞ্জীর বিবরন
প্রধান লেখক: Fosbery, Aníbal Ernesto (Author)
বিন্যাস: গ্রন্থ
ভাষা:স্প্যানিশ
প্রকাশিত: Buenos Aires Tierra Media 1999
বিষয়গুলি:
ট্যাগগুলো: ট্যাগ যুক্ত করুন
কোনো ট্যাগ নেই, প্রথমজন হিসাবে ট্যাগ করুন!

MARC

LEADER 00000nam a2200000 a 4500
001 UCM5030
003 CL-VaPUC
008 020927e19990000AG |||||||||||||||||spa|d
082 0 4 |a 260  |b FOS  |2 21 
100 0 |a Fosbery, Aníbal Ernesto  |e author  |9 471318 
245 1 3 |a La cultura católica 
300 |a 735 p 
942 |c BK 
945 |d 20020927 00:00:00  |a cmena 
260 |a Buenos Aires  |b Tierra Media  |c 1999 
650 0 |a Teología social  |9 326726 
650 7 |a COMUNIDADES CRISTIANAS  |2 CL-VaPUC  |9 471319 
650 7 |a EVANGELIZACION  |2 CL-VaPUC  |9 471320 
583 |a last modification  |c 20020927 00:00:00  |k Rodrigo Vera 
999 |c 301332  |d 301330 
952 |0 0  |1 0  |4 0  |6 260_000000000000000_FOS_1999  |7 0  |8 A  |9 360181  |a BIBEDU  |b BIBEDU  |d 2019-11-21  |i 3834948  |o 260 FOS 1999  |p 3834948  |r 2019-11-21  |w 2019-11-21  |y BK  |k FIL